00656nam a2200157 a 450000500170000000800410001702000180005805000180007624500510009426000660014530000230021152001130023465000220034799900190036995201100038820140412111321.0010309s19uu xx 00 eng d a0-7853-1247-1 aERbKe45 1995 aKermit the frog /cillustrated by Nate Butler. aLincolnwood, Illinois :bJim Henson Publishing Muppet,c1995. a1 v. (unp.) ; ill. aKermit is a tricky magician. Everyone likes his show, especially when he plays a funny trick on Miss Piggy! aChildrens stories c104401d104401 00104050aELbELcERd2001-03-09eDonationl0oER Ke45 1995pE7707r2014-04-12 00:00:00w2014-04-12yBK